Arto Paasilinnan tuotanto - Statistics

Yleistilastot
  • Tätä visaa on pelattu 23 kertaa
  • Keskiarvotulos 6 / 36
Vastaustilastot
Julkaisuvuosi Vastaus % Oikein
1975 Jäniksen vuosi
89%
1990 Hurmaava joukkoitsemurha
67%
1983 Hirtettyjen kettujen metsä
56%
2001 Kymmenen riivinrautaa
50%
1991 Elämä lyhyt, Rytkönen pitkä
44%
1976 Onnellinen mies
33%
1981 Ulvova mylläri
28%
1977 Isoisää etsimässä
22%
1993 Aatami ja Eeva
17%
1987 Koikkalainen kaukaa
17%
1999 Hirnuva maailmanloppu
11%
1995 Rovasti Huuskosen petomainen miespalvelija
11%
1979 Sotahevonen
11%
1988 Suloinen myrkynkeittäjä
11%
2004 Tohelo suojelusenkeli
11%
1984 Ukkosenjumalan poika
11%
1989 Auta armias
6%
1980 Herranen aika
6%
1998 Hirttämättömien lurjusten yrttitarha
6%
2000 Ihmiskunnan loppulaukka
6%
1982 Kultainen nousukas
6%
2006 Kylmät hermot, kuuma veri
6%
2019 Laki vaatii vainajia
6%
1996 Lentävä kirvesmies
6%
1992 Maailman paras kylä
6%
1972 Operaatio Finlandia
6%
1985 Parasjalkainen laivanvarustaja
6%
2007 Rietas rukousmylly
6%
2005 Suomalainen kärsäkirja
6%
1994 Volomari Volotisen ensimmäinen vaimo ja muuta vanhaa tavaraa
6%
2009 Elävänä omissa hautajaisissa
0%
2003 Liikemies Liljeroosin ilmalaivat
0%
2008 Neitosten karkuretki
0%
1974 Paratiisisaaren vangit
0%
1997 Tuomiopäivän aurinko nousee
0%
1986 Vapahtaja Surunen
0%
Ehtoja vastaavia visoja ei löytynyt
Tulosjakauma
Jokaisen tuloksen saaneiden osuus
Persentiili vastausten määrän mukaan
Tuloshistoriasi
Et ole pelannut tätä visaa